La práctica contractual en sus modelos y documentos : (Registro nro. 25501)
[ vista simple ]
| 000 -Cabecera | |
|---|---|
| Campo de control interno | 00920nam a22002777a 4500 |
| 005 - Fecha y hora del registro | |
| control field | 20260428154652.0 |
| 008 - Elementos de Longitud Fija | |
| fixed length control field | 260427b |||||||| |||| 00| 0 spa d |
| 020 ## - ISBN | |
| ISBN | 9786123113247 |
| 041 ## - Idioma | |
| Codigo Idioma | ESP |
| 082 ## - DEWEY y NOTACIÓN INTERNA | |
| Dewey | 346.6 |
| Notación Interna | D84 T. 2 |
| 100 ## - AUTOR | |
| Autor denominación | , |
| 110 ## - AUTOR INSTTITUCIONAL | |
| Autor Institucional | División de Estudios Jurídicos de Gaceta Jurídica |
| 245 ## - TÍTULO DE MATERIAL BIBLIOGRÁFICO | |
| Título | La práctica contractual en sus modelos y documentos : |
| Título paralelo | con referencias a las normas aplicables, tipos de pactos y cláusulas particulares |
| 250 ## - EDICIÓN | |
| Edición | Primera edición |
| 260 ## - CIUDAD, EDITORIAL, AÑO | |
| Ciudad | Lima : |
| Nombre de la Editorial | Gaceta Jurídica, |
| Año | 2016 |
| 300 ## - DESCRIPCIÓN | |
| N° Páginas | 534 páginas : |
| Dimensiones | 25 cm. |
| 440 ## - MENCIÓN DE SERIE | |
| Título de la Serie | ; |
| 650 ## - TEMAS | |
| Temas | Ciencias Sociales |
| 653 ## - DESCRIPTORES | |
| Lenguajes no controlado | Derecho; Derecho civil; Contratos |
| 654 ## - PROGRAMAS | |
| Programa | Dpto. de Derecho y Ciencia Política |
| 700 ## - OTROS AUTORES | |
| Otros autores | Muro Rojo, Manuel |
| Termino Relacionado | autor |
| 700 ## - OTROS AUTORES | |
| Otros autores | Torres Carrasco, Manuel |
| Termino Relacionado | autor |
| 856 ## - URL - UBICACIÓN | |
| URI/URL: Enlace exacto del recurso | <a href="https://itmsp.museknowledge.com/UCSP?groupID=2">https://itmsp.museknowledge.com/UCSP?groupID=2</a> |
| Nota pública: Versión digital | <a href="Véase Biblioteca Digital">Véase Biblioteca Digital</a> |
| 942 ## - ELEMENTOS DE KOHA | |
| Tipo de documento | Libro |
| Nombre del creador | Justo Noguera |
| Código de catalogador | Tania Ramirez |
| Suppress in OPAC | No |
| Esquema de clasificación | Dewey Decimal Classification |
| Codigo completo | Registro | Colección | Copia número | Disponibilidad | Tipo de préstamo | Biblioteca Actual | Procedencia (Biblioteca) | Ubicacón | Fecha Ingreso | Tipo de Adquisición | Observación | Date last seen | Total checkouts | Price effective from | Tipo de Item | Estado del Material | Fuente de Clasificación | Damaged status | Withdrawn status |
|---|---|---|---|---|---|---|---|---|---|---|---|---|---|---|---|---|---|---|---|
| 346.6 D84 T. 2 | 1088647 | Universidad Católica San Pablo | 1 | No disponible | Proceso | Víctor Andrés Belaunde | Víctor Andrés Belaunde | Primer piso | 27/04/2026 | Donación | Derecho | 27/04/2026 | 27/04/2026 | Libro | Bueno | Dewey Decimal Classification | Withdrawn |




